000 01126cam a22002653a 4500
001 22446
003 PGUSA
005 20140828083458.0
008 070901s2007||||xxu|||||s|||||000 | eng d
040 _aPGUSA
_beng
042 _adc
050 4 _aDF
100 1 _aAbbott, Jacob,
_d1803-1879
245 1 0 _aAlexander the Great
_h[electronic resource] /
_cJacob Abbott
260 _bProject Gutenberg,
_c2007
505 0 _aAlexander's childhood and youth -- Beginning of his reign -- The reaction -- Crossing the Hellespont -- Campaign in Asia Minor -- Defeat of Darius -- The siege of Tyre -- Alexander in Egypt -- The great victory -- The death of Darius -- Deterioration of character -- Alexander's end.
506 _aPublic domain in the USA.
516 _aElectronic text
653 _aGreece -- History -- Macedonian expansion, 359-323 B.C. -- Juvenile literature
653 _aGenerals -- Greece -- Biography -- Juvenile literature
653 _aAlexander, the Great, 356-323 B.C. -- Juvenile literature
830 0 _aProject Gutenberg
_v22446
856 4 0 _uhttp://www.gutenberg.org/ebooks/22446
942 _cEB
999 _c251701
_d251701